000 nam a22 a 4500
999 _c122958
_d122958
003 BLK
005 20221205165008.0
008 180409b bul|||||r ||||||| ||bul||
010 _aKNG00128611000
040 _aBLK
041 _aBUL
_cBUL
080 _aЕстетическо възпитание
_b37.036
_x(075.8)
_z37.036(075.8)
100 1 _aАтанасов, Жечо Господинов
_eпърви автор
_9364564
139 _aАтанасов, Жечо Господинов
_bА 93
245 1 0 _aТеория и история на естетическото възпитание
_bЛекционен курс : За студентите от СУ Климент Охридски - филиал Благоевград
_cЖечо Господинов Атанасов
257 _aBGR
260 _aСофия
_bСУ Климент Охридски - филиал Благоевград
_c1979
300 _a379 с.
_c20 см
380 _a3
500 _aОфс. изд.
650 4 _aЕстетическо възпитание - учебници за ВУЗ
_9317833
653 _aестетическо възпитание
653 _aучебници за ВУЗ
852 _aЦб 102673
_bЦб
856 4 _qpdf
_i0.00
_ldisable
942 _cKNG
_n0
_01
_s1
944 _aCR
_c10.03.2012
_l10.03.2012 - от С1,Р / 10.03.2012
_kНаталия_Медовщикова
944 _aED
_c10.03.2012
_l10.03.2012 - от С1,Р / 10.03.2012